Применение полимерных агентов снижения сопротивления в трубопроводном транспорте нефти

Dettagli Bibliografici
Ente Autore: НИИ Транснефть
Altri autori: Несын Г. В. Георгий Викторович, Жолобов В. В. Владимир Васильевич, Зверев Ф. С. Федор Сергеевич, Гольянов А. И. Андрей Иванович, Кутуков С. Е. Сергей Евгеньевич, Ляпин А. Ю. Александр Юрьевич
Riassunto:Нефтепроводы и продуктопроводы - одно из наиболее эффективных средств транспортирования энергоносителей. Одним из самых результативных методов увеличения пропускной способности трубопроводной сети является использование эффекта Томса, на котором реализована технология использования противотурбулентных присадок. Добавление в жидкую углеводородную среду растворимых полимеров в крайне малой концентрации резко снижает гидродинамическое сопротивление турбулентному течению в области больших чисел Рейнольдса. В монографии обсуждаются факторы, оказывающие влияние на поведение макромолекул в турбулентном потоке и особенности применения технологии в магистральном транспорте нефти и нефтепродуктов. Это растворимость и молекулярная масса полимера, природа углеводородной жидкости и режим перекачки. Большое внимание уделено полимерам высших альфа-олефинов, которые являются основой противотурбулентных присадок (ПТП) ведущих производителей. Описано оригинальное лабораторное оборудование для оценки качества присадок и моделирования их поведения в реальных трубопроводах. Полимерные молекулы могут оказывать комплексное действие на турбулентное » течение в нефтепроводах: снижение гидравлического сопротивления и теплопереноса.
Lingua:russo
Pubblicazione: Москва, Техносфера, 2022
Soggetti:
Natura: MixedMaterials Libro
KOHA link:https://koha.lib.tpu.ru/cgi-bin/koha/opac-detail.pl?biblionumber=377135

MARC

LEADER 00000nam0a2200000 4500
001 377135
005 20231102012902.0
010 |a 9785948366548 
035 |a (RuTPU)RU\TPU\retro\34581 
090 |a 377135 
100 |a 20230209d2022 km y0rusy50 ca 
101 0 |a rus 
102 |a RU 
105 |a a z 001zy 
200 1 |a Применение полимерных агентов снижения сопротивления в трубопроводном транспорте нефти  |f Г. В. Несын, В. В. Жолобов, Ф. С. Зверев и [и др.]  |g НИИ Транснефть 
210 |a Москва  |c Техносфера  |d 2022 
215 |a 309 с.  |c ил. 
320 |a Библиография в конце глав 
330 |a Нефтепроводы и продуктопроводы - одно из наиболее эффективных средств транспортирования энергоносителей. Одним из самых результативных методов увеличения пропускной способности трубопроводной сети является использование эффекта Томса, на котором реализована технология использования противотурбулентных присадок. Добавление в жидкую углеводородную среду растворимых полимеров в крайне малой концентрации резко снижает гидродинамическое сопротивление турбулентному течению в области больших чисел Рейнольдса. В монографии обсуждаются факторы, оказывающие влияние на поведение макромолекул в турбулентном потоке и особенности применения технологии в магистральном транспорте нефти и нефтепродуктов. Это растворимость и молекулярная масса полимера, природа углеводородной жидкости и режим перекачки. Большое внимание уделено полимерам высших альфа-олефинов, которые являются основой противотурбулентных присадок (ПТП) ведущих производителей. Описано оригинальное лабораторное оборудование для оценки качества присадок и моделирования их поведения в реальных трубопроводах. Полимерные молекулы могут оказывать комплексное действие на турбулентное » течение в нефтепроводах: снижение гидравлического сопротивления и теплопереноса. 
606 1 |a Трубопроводный транспорт нефти и газа  |x Горное дело  |2 stltpush  |3 (RuTPU)RU\TPU\subj\61734  |9 78897 
610 1 |a углеводородные жидкости 
610 1 |a гидродинамическое сопротивление 
610 1 |a снижение 
610 1 |a эффект Томса 
610 1 |a масштабирование 
610 1 |a полимеры 
610 1 |a молекулярные характеристики 
610 1 |a макромолекулярные реакции 
610 1 |a нефть 
610 1 |a нефтепродукты 
610 1 |a транспортировка 
610 1 |a нефтяные резервуары 
610 1 |a донные отложения 
610 1 |a удаление 
610 1 |a тепломассоперенос 
610 1 |a самоорганизующиеся системы 
610 1 |a труды учёных ТПУ 
675 |a 622.69  |v 4 
701 1 |a Несын  |b Г. В.  |c химик-технолог  |c профессор Томского политехнического университета, доктор технических наук  |f 1954-  |g Георгий Викторович  |2 stltpush  |3 (RuTPU)RU\TPU\pers\25682 
701 1 |a Жолобов  |b В. В.  |c российский ученый, специалист в области транспорта и хранения нефти и газа  |c профессор Томского политехнического университета, доктор физико-математических наук  |f 1946-  |g Владимир Васильевич  |2 stltpush  |3 (RuTPU)RU\TPU\pers\27982 
701 1 |a Зверев  |b Ф. С.  |g Федор Сергеевич 
701 1 |a Гольянов  |b А. И.  |g Андрей Иванович 
701 1 |a Кутуков  |b С. Е.  |g Сергей Евгеньевич 
701 1 |a Ляпин  |b А. Ю.  |g Александр Юрьевич 
712 0 2 |a НИИ Транснефть  |c (Москва)  |c (2014- )  |2 stltpush  |3 (RuTPU)RU\TPU\col\24517  |9 28439 
801 1 |a RU  |b 63413507  |c 20230209 
801 2 |a RU  |b 63413507  |c 20230403  |g RCR 
942 |c BK